| 000 | 00512nam a2200193 i 4500 | ||
|---|---|---|---|
| 001 | 113175 | ||
| 003 | ES-MaACL | ||
| 005 | 20230906185802.0 | ||
| 007 | t| | ||
| 008 | 061121s1916 ag |||| | spa d | ||
| 080 | _a331-055.2 | ||
| 100 | 1 |
_aMuzilli, Carolina. _984742 |
|
| 245 | 1 | 3 |
_aEl trabajo femenino / _cCarolina Muzilli. |
| 260 |
_aBuenos Aires : _bL. J. Rosio, _c1916. |
||
| 300 | _a30 p. | ||
| 500 | _aMonografĂa premiada. | ||
| 650 | 0 | 4 |
_aMujeres- _xTrabajo. _915318 |
| 852 |
_aES-MaACL _j1659-F-11 |
||
| 999 |
_c113175 _d113175 |
||